International Management Research Looking to the Future
Na minha lista:
| Outros Autores: | , |
|---|---|
| Formato: | Livro |
| Idioma: | inglês |
| Publicado em: |
Berlin
De Gruyter
1993
|
| Edição: | 1. ed. |
| Colecção: | De Gruyter Studies in Organization
46 |
| Assuntos: | |
| Tags: |
Sem tags, seja o primeiro a adicionar uma tag!
|
MARC
| LEADER | 00000nam a2200000 4500 | ||
|---|---|---|---|
| 001 | c010241 | ||
| 005 | 20221214082239.2 | ||
| 020 | |a 3-11-013378-4 | ||
| 041 | 0 | |a eng | |
| 044 | |a DE | ||
| 245 | 1 | 0 | |a International Management Research |b Looking to the Future |c Edit. Durhane Wong-Rieger, Fritz Rieger |
| 250 | |a 1. ed. | ||
| 264 | 1 | |a Berlin |b De Gruyter |c 1993 | |
| 300 | |a 157 s. | ||
| 490 | 1 | |a De Gruyter Studies in Organization |v 46 | |
| 830 | 0 | |a De Gruyter Studies in Organization |v 46 | |
| 610 | 2 | 0 | |a manažment medzinárodný |
| 610 | 2 | 0 | |a výskum |
| 610 | 2 | 0 | |a spolupráca vedecká medzinárodná |
| 610 | 2 | 0 | |a manažment personálny |
| 610 | 2 | 0 | |a podnik obchodný |
| 610 | 2 | 0 | |a podnik medzinárodný |
| 700 | 1 | |a Wong-Rieger, Durhane | |
| 700 | 1 | |a Rieger, Fritz | |